000 00463nam a2200193Ia 4500
003 OSt
005 20140311163110.0
008 140130s9999 xx 000 0 und d
050 _aPZ 7
_b.B9836To 1997
100 _aByars, Betsy
_930967
245 _cBetsy Byars
_aTornado /
260 _bScholastic,
_c1997.
_aNew York :
300 _a49 p. :
_bill. ;
_c18 cm.
440 _v1
_930968
521 _aG3
526 _c500
942 _cBK
_2lcc
999 _c40557
_d40557